| 000 | 02285nam0a2200337 4500 | ||
|---|---|---|---|
| 001 | RU\NLR\BIBL_A\011506567 | ||
| 005 | 20260408125352.0 | ||
| 035 | _a(NLR Aleph) 011506567 | ||
| 090 |
_a12023267 _c12023267 |
||
| 100 | _a20171025d1897 |||y0rusy50 ca | ||
| 101 | 0 | _arus | |
| 102 | _aRU | ||
| 105 | _ay|||z|||000zy | ||
| 200 | 1 |
_aТысячеление из жизни татар _hII _iТюрки _hIII _iУйгуры и киргизы _hIV _iГунны _eокончание _eчитано в Общем собрании членов Туркестанского кружка любителей археологии, 16 октября 1897 года _fД. Струнин |
|
| 210 |
_aТашкент _cТипо-литография торг. дома "Ф. и Г. бр. Каменские" _d1897 |
||
| 215 |
_aС. [1], 43-67 _d23 |
||
| 300 | _aАвт. указан в конце текста | ||
| 309 | _aБез тит. л. и обл. | ||
| 316 |
_aВплетено в изд. конволют: Туркестанский кружок любителей археологии за второй год его деятельности (11 дек. 1896 г. - 11 дек. 1897 г.). Ташкент: Типо-литография торг. дома "Ф. и Г. бр. Каменские", 1897 _5NLR |
||
| 320 | _aБиблиогр. в подстроч. примеч. и в тексте | ||
| 517 | 1 | _aТуркестанский кружок любителей археологии за второй год его деятельности (11 дек. 1896 г. - 11 дек. 1897 г.) | |
| 601 | 0 | 2 |
_aТуркестанский кружок любителей археологии _jДокументы и материалы _xИстория _z1895 - 1917 _91040354 _3RU\NLR\AUTH\6682586 |
| 686 | 1 | _aТ4е(28)л52,11 | |
| 700 | 1 |
_8rus _7ca _aСтрунин _bД. Д. _cпереводчик _f19 в. _gДимитрий Дмитриевич _3RU\NLR\AUTH\7776642 _959570 |
|
| 711 | 0 | 2 |
_aТуркестанский кружок любителей археологии _cТашкент _bЗаседание _f1897, октябрь _3RU\NLR\AUTH\880457642 _9578407 |
| 852 |
_aNLR _j38.15.4.36(2-23) |
||
| 942 | _cBOOK | ||
| 980 | _aNB | ||